000 00529nam a2200193 a 4500
005 20240426063801.0
008 991125s1983 mx 000 0 spa u
020 _a9681314433
035 _aUPN01000054669
049 _aCG
050 4 _aB3454
_bS3.78
100 1 _aSchwartz, Martin F.
245 1 0 _aSolución al tartamudeo /
_cMartin F. Schwartz ; tr. Bertha D. L. de Valverde.
260 _aMéxico :
_bDiana,
_c1983.
300 _a165 p.
650 4 _aTrastornos del habla
_96691
650 4 _aTARTAMUDEZ
905 _aLibro
999 _c54669
_d54669